| 000 | 00980cam a2200277 a 4500 | ||
|---|---|---|---|
| 001 | 000011774 | ||
| 005 | 20260327123745.0 | ||
| 008 | 780822s1973 sp b 000 0 spa d | ||
| 040 |
_aDO-SdBNP _bspa _cLC _dBNPHU |
||
| 041 | 1 | 7 |
_aspa _bger _2Código de idioma MARC |
| 082 |
_a511.3 _bF858e, 1973 |
||
| 100 | 1 |
_aFrege, Gottlob, _d1848-1925. _927849 |
|
| 245 | 1 | 0 |
_aEstudios sobre semántica / _cGottlob Frege ; introducción Jesús Mosterín ; traducción Ulises Moulines. |
| 250 | _a2a ed. | ||
| 260 |
_aBarcelona : _bAriel, _c1973. |
||
| 300 |
_a179 p. ; _c18 cm. |
||
| 490 | 1 |
_aAriel Quincenal _v60 |
|
| 504 | _aIncluye referencias bibliográficas y notas al pie de las páginas. | ||
| 650 | 4 |
_aLógica simbólica y matemática _927850 |
|
| 650 | 0 |
_aLógica algebraica _96703 |
|
| 700 | 1 |
_aMosterín, Jesús, _eintrod. _927851 |
|
| 700 | 1 |
_aMoulines, Ulises, _etr. _927852 |
|
| 830 | 0 |
_aAriel Quincenal ; _v60 _95048 |
|
| 910 | _aCatalogación derivada / LC | ||
| 049 | _aBNGR | ||
| 999 |
_c11448 _d11448 |
||